Real Madrid CF FIFA Club World Cup 2025 Squad - Statistics

General Stats
  • This quiz has been taken 127 times
  • The average score is 25 of 35
Answer Stats
# Position Nation Answer % Correct
5 MF England Jude Bellingham
99%
7 FW Brazil Vinícius Júnior
99%
8 MF Uruguay Federico Valverde
98%
9 FW France Kylian Mbappé
98%
10 MF Croatia Luka Modrić
98%
4 DF Austria David Alaba
97%
6 MF France Eduardo Camavinga
97%
11 FW Brazil Rodrygo Goes
97%
1 GK Belgium Thibaut Courtois
97%
2 DF Spain Dani Carvajal
96%
13 GK Ukraine Andriy Lunin
95%
22 DF Germany Antonio Rüdiger
94%
15 MF Turkey Arda Güler
94%
14 MF France Aurélien Tchouaméni
94%
3 DF Brazil Éder Militão
93%
16 FW Brazil Endrick
91%
12 DF England Trent Alexander-Arnold
91%
21 MF Morocco Brahim Díaz
85%
23 DF France Ferland Mendy
84%
- Manager Spain Xabi Alonso
84%
20 DF Spain Fran García
80%
30 FW Spain Gonzalo García
79%
17 DF Spain Lucas Vázquez
74%
35 DF Spain Raúl Asencio
72%
24 DF Spain Dean Huijsen
69%
19 MF Spain Dani Ceballos
66%
26 GK Spain Fran González
38%
31 DF Spain Jacobo Ramón
35%
44 FW Spain Victor Muñoz
22%
36 MF Spain Chema Andrés
18%
43 DF Spain Diego Aguado
17%
34 GK Spain Sergio Mestre
16%
41 DF Spain Jesús Fortea
15%
50 MF Spain Mario Martín
15%
29 DF Morocco Youssef Enríquez
14%
No matching quizzes found
Score Distribution
Percent of People with Each Score
Percentile by Number Answered
Your Score History
You have not taken this quiz